书目信息 |
| 题名: |
王阳明心学的智慧
|
|
| 作者: | 宿春礼 编著 | |
| 分册: | ||
| 出版信息: | 长春 吉林文史出版社 2018 |
|
| 页数: | 243页 | |
| 开本: | 21cm | |
| 丛书名: | ||
| 单 册: | ||
| 中图分类: | B248.2-49 , B248.2 | |
| 科图分类: | ||
| 主题词: | ||
| 电子资源: | ||
| ISBN: | 978-7-5472-5441-7 | |
| 000 | 01337nam0 2200253 450 | |
| 001 | 012001008191 | |
| 005 | 20131022113709.0 | |
| 010 | @a978-7-5472-5441-7@dCNY36.00 | |
| 099 | @aCAL 012019017810 | |
| 100 | @a20181031d2018 em y0chiy50 ea | |
| 101 | 0 | @achi |
| 102 | @aCN@b220000 | |
| 105 | @ay z 000yy | |
| 106 | @ar | |
| 200 | 1 | @a王阳明心学的智慧@Awang yang ming xin xue de zhi hui@f宿春礼编著 |
| 210 | @a长春@c吉林文史出版社@d2018 | |
| 215 | @a243页@d21cm | |
| 330 | @a作者以平实的笔调,运用丰富的史料,张弛有度、夹叙夹议地详述了王阳明的传奇一生及其思想的形成过程。在书中,作者发挥自己的专业优势,史料互证,擅长从王阳明的诗文中探寻其真实内心,补充不为众人所熟知的细节,解开了有关王阳明生平和思想的诸多谜题,因而是全面了解王阳明传奇一生,轻松读懂阳明心学核心精髓的首要选择专业读本。王阳明心学对于我们为人处世的引导,让我们每一个人都感觉到它的深邃与宽广,而它对我们心灵的荡涤与关怀,又使我们感觉它离我们很近,温馨而质朴,毫无艰深晦涩之感。触摸王阳明的心学,就如同用双手轻轻抚摸心里最深层的秘密,或许在某一个不经意的瞬间便理解了它的深意,就像禅宗里拈花微笑般默契与随意,一个顿悟就洞悉了官的真谛。 | |
| 600 | 0 | @a王守仁,@Awang shou ren@f1472-1528@j通俗读物 |
| 690 | @aB248.2-49@v4 | |
| 690 | @aB248.2@v4 | |
| 701 | 0 | @a宿春礼@Axiu chun li@4编著 |
| 801 | 0 | @aCN@b上海新华@c20191020 |
| 905 | @b1180680-3@dB248.2-49@e94@f4 | |
| 王阳明心学的智慧/宿春礼编著.-长春:吉林文史出版社,2018 |
| 243页;21cm |
| ISBN 978-7-5472-5441-7:CNY36.00 |
| 作者以平实的笔调,运用丰富的史料,张弛有度、夹叙夹议地详述了王阳明的传奇一生及其思想的形成过程。在书中,作者发挥自己的专业优势,史料互证,擅长从王阳明的诗文中探寻其真实内心,补充不为众人所熟知的细节,解开了有关王阳明生平和思想的诸多谜题,因而是全面了解王阳明传奇一生,轻松读懂阳明心学核心精髓的首要选择专业读本。王阳明心学对于我们为人处世的引导,让我们每一个人都感觉到它的深邃与宽广,而它对我们心灵的荡涤与关怀,又使我们感觉它离我们很近,温馨而质朴,毫无艰深晦涩之感。触摸王阳明的心学,就如同用双手轻轻抚摸心里最深层的秘密,或许在某一个不经意的瞬间便理解了它的深意,就像禅宗里拈花微笑般默契与随意,一个顿悟就洞悉了官的真谛。 |
| ● |
| 相关链接 |
|
|
|
|
正题名:王阳明心学的智慧
索取号:B248.2-49/94
 
预约/预借
| 序号 | 登录号 | 条形码 | 馆藏地/架位号 | 状态 | 备注 |
| 1 | 1180680 | 211806802 | 第一样本阅览室/ [索取号:B248.2-49/94] | 在馆 | |
| 2 | 1180681 | 211806811 | 第一借阅区/ [索取号:B248.2-49/94] | 在馆 | |
| 3 | 1180682 | 211806820 | 第一借阅区/ [索取号:B248.2-49/94] | 在馆 | |
| 4 | 1180683 | 211806839 | 第一借阅区/ [索取号:B248.2-49/94] | 在馆 |